5HLuxD.jpg

KING HENRY VIII SENIOR AND PRIMARY SCHOOL LIBRARY OPAC

50 REASONS TO LOVE ANIMALS (Record no. 4748)

000 -LEADER
fixed length control field 00375nam a22001217a 4500
008 - FIXED-LENGTH DATA ELEMENTS--GENERAL INFORMATION
fixed length control field 250319b ||||| |||| 00| 0 eng d
020 ## - INTERNATIONAL STANDARD BOOK NUMBER
International Standard Book Number 9780711252462
082 ## - DEWEY DECIMAL CLASSIFICATION NUMBER
Classification number 590 BAR
100 ## - MAIN ENTRY--PERSONAL NAME
Personal name BARR,CATHERINE
Relator term AUTHOR
245 ## - TITLE STATEMENT
Title 50 REASONS TO LOVE ANIMALS
260 ## - PUBLICATION, DISTRIBUTION, ETC.
Place of publication, distribution, etc. THE OLD BREWERY,6 BLUNDELL STREET,LONDON N7 9BH,UNITED KINGDOM
Name of publisher, distributor, etc. FRANCES LINCOLN CHILDREN'S BOOKS
942 ## - ADDED ENTRY ELEMENTS (KOHA)
Source of classification or shelving scheme
Holdings
Withdrawn status Lost status Source of classification or shelving scheme Damaged status Not for loan Collection code Permanent Location Current Location Shelving location Date acquired Total Checkouts Full call number Barcode Date last seen Date last checked out Price effective from Koha item type Public note
          Non-Fiction KH8 Primary School Library KH8 Primary School Library Non Fiction 2025-07-03 3 590 BAR KHPL000007320 2026-03-12 2026-03-05 2025-07-03 Books - Non Ficton KH8 PRIMARY LIBRARY

Powered By KH8 IT Dept